Statystyki dla Jaki to pokemon po podpowiedziach?

Kliknij tutaj aby rozwiązać quiz!

Ogólne statystyki

  • Ten quiz został rozwiązany 96 razy
  • Średni wynik to 9 z 20

Statystyki odpowiedzi

PodpowiedźPokemon% Poprawnych
Każdy mnie znaPikachu
80%
Jeść, pić, spać, jeść, pić, spaćSnorlax
77%
Boli mnie głowaPsyduck
74%
Odgłos wydawany przez kotaMeowth
73%
Darmowe masłoButterfree
72%
♫♫♫Jigglypuff
63%
Najpierw bezużyteczny, później może stać się silnyMagikarp
62%
Dziewięć opowieściNinetales
57%
Mleczny czołgMiltank
53%
Uwielbiam porFarfetchd
52%
Pierwsza kobieta na ZiemiEevee
49%
Nicki MinajJynx
41%
Nie chce mi sięCharizard
35%
Łowca?Haunter
28%
Wszystkie w 1Ditto
26%
Chłodny namiotTentacool
22%
Jan MatejkoSmeargle
21%
Lubię gryźć kotkaSnubbull
4%
PieczONtkaSeel
0%
Co robi czerwony skorupiak, gdy się czegoś czepia?Spinarak
0%

Rozkład punktacji

Percentyl według liczby udzielonych odpowiedzi

Procent ludzi z każdym wynikiem

Twoja historia wyników

Nie rozwiązałeś tego quizu